000 00712cam a2200241Ia 4500
008
020 _a0748795928 (pbk. )
049 _aMAIN
090 _aBF637.C6
_bSTE
100 1 _aStewart, William.
245 0 3 _aAn A-Z of counselling theory and practice /
_cWilliam Stewart.
250 _a4th ed.
260 _aCheltenham :
_bNelson Thornes,
_c2005.
300 _axii, 555 p. ;
_c24 cm.
500 _aIncludes index.
504 _aIncludes bibliographical references.
650 0 _aMental health counseling
_xCounseling
907 _a.b1022273x
_b21-09-09
_c13-12-06
003
005 20230123124931.0
040 _cNUST
942 _cBOOKS
_kBF637.C6
_mSTE
999 _c132833
_d132833